000 01158cam a2200301 a 4500
999 _c345
_d345
001 002153821
003 OCoLC
005 20190807084837.0
008 110703s2011 enkabc e 001 0 eng
015 _aGBB159332
_2bnb
020 _a9781405361651 (hbk)
020 _a1405361654 (hbk)
035 _a(OCoLC)742950944
040 _aAU@
_beng
_cAU@
_dBTCTA
_dUKMGB
_dEUW
_dYDXCP
_dKMS
_dSTF
_dNLE
042 _anbic
082 _a599.938 EVO
245 0 0 _aEvolution :
_bthe human story /
_c[foreword by Alice Roberts]
260 _aLondon :
_bDK,
_c2011.
300 _a256 p. :
_bcol. ill., col. maps ;
_c31 cm.
500 _aIncludes index.
505 0 _aUnderstanding our past -- Primates -- Hominins -- Out of Africa -- From hunters to farmers.
520 _aCome face to face with our ancestors Travel back 8 million years with Evolution The Human Story and go on a fascinating journey to discover how our species has developed from tree-dwelling primates to modern humans.
650 0 _aHuman beings
_xMigrations.
650 0 _aHuman evolution.
650 0 _aPaleoanthropology.
700 1 _aRoberts, Alice M.
_eWriter of foreword
942 _2ddc
_cNFIC